Un contrato del siglo XIII / (Record no. 125556)

MARC details
000 -LEADER
campo de control de longitud fija 00790nam a2200193 i 4500
001 - NÚMERO DE CONTROL
campo de control 125556
003 - IDENTIFICADOR DE NÚMERO DE CONTROL
campo de control ES-MaACL
005 - FECHA Y HORA DE LA ÚLTIMA TRANSACCIÓN
campo de control 20230906192643.0
007 - CAMPO FIJO DE DESCRIPCIÓN FÍSICA--INFORMACIÓN GENERAL
campo de control de longitud fija t|
008 - DATOS DE LONGITUD FIJA--INFORMACIÓN GENERAL
campo de control de longitud fija 070619s1917 sp ||||1| spa d
100 1# - ENTRADA PRINCIPAL--NOMBRE DE PERSONA
Nombre de persona Sanz Arizmendi, Claudio.
9 (RLIN) 103608
245 13 - MENCIÓN DEL TÍTULO
Título Un contrato del siglo XIII /
Mención de responsabilidad, etc. Claudio Sanz Arizmendi.
260 ## - PUBLICACIÓN, DISTRIBUCIÓN, ETC.
Lugar de publicación, distribución, etc. Madrid :
Nombre del editor, distribuidor, etc. Asociación Española para el Progreso de las Ciencias,
Fecha de publicación, distribución, etc. 1917.
300 ## - DESCRIPCIÓN FÍSICA
Extensión [6] p. ;
Dimensiones 26 cm.
500 ## - NOTA GENERAL
Nota general Separata de: Congreso de Sevilla, Tomo VIII, Sección 6ª, Ciencias Históricas Filosóficas y Filológicas.
710 2# - ENTRADA AGREGADA--NOMBRE DE ENTIDAD CORPORATIVA
Nombre de entidad corporativa o nombre de jurisdicción como elemento de entrada Asociación Española para el Progreso de las Ciencias.
9 (RLIN) 1705
710 2# - ENTRADA AGREGADA--NOMBRE DE ENTIDAD CORPORATIVA
Nombre de entidad corporativa o nombre de jurisdicción como elemento de entrada Asociación Española para el Progreso de las Ciencias.
Unidad subordinada Congreso (
Número del congreso/reunión o número de parte o sección 6º.
Fecha del congreso o de la firma del tratado 1917.
Sede del congreso/Lugar de la reunión Sevilla)
9 (RLIN) 35
852 4# - LOCALIZACIÓN
Ubicación ES-MaACL
Número de control de estantería 1572-F-1
Holdings
Estatus retirado Estado de pérdida Estado de daño No para préstamo Colección Biblioteca de origen Biblioteca actual Ubicación en estantería Fecha de adquisición Fuente de adquisición Total de préstamos Signatura topográfica completa Código de barras Visto por última vez Precio de reemplazo Tipo de ítem Koha
        Colección de folletos Biblioteca del Ateneo de Madrid Biblioteca del Ateneo de Madrid Depósito folletos 17/01/2008     1572-F-1 1130795 23/02/2023 23/02/2023 Folleto